000
00396nam a2200145Ia 4500
008
100122s9999 xx 000 0 und d
082
_b
23000
_a
823
100
_a
मेहता शशिकला
245
_a
हारजीत
260
_b
प्रपंच प्रकाशन
_c
1976
300
_a
96
630
_a
हारजीत
730
_a
हारजीत
942
_c
BOOK
999
_c
410632
_d
410629